| 000 | 00882cam a22002771i 4500 | ||
|---|---|---|---|
| 001 | 10318558 | ||
| 003 | EG-ScBUE | ||
| 005 | 20231217135704.0 | ||
| 008 | 720225s1964 nyu f 000 0beng d | ||
| 035 | _a(OCoLC)249698 | ||
| 040 |
_aDLC _beng _erda _cOTifH _dOCoLC _dDLC _dEG-ScBUE |
||
| 043 | _aa-ja--- | ||
| 082 | 0 | 4 |
_a923.573 _bHUI _222 |
| 100 | 1 |
_aHuie, William Bradford, _d1910-1986, _eauthor. _99986 |
|
| 245 | 1 | 4 |
_aThe Hiroshima pilot / _cWilliam Bradford Huie. |
| 264 | 1 |
_aNew York : _bG. P. Putnam's Sons, _c1964. |
|
| 300 |
_a318 pages ; _c22 cm |
||
| 336 |
_2rdacontent _atext _btxt |
||
| 337 |
_2rdamedia _aunmediated _bn |
||
| 338 |
_2rdacarrier _avolume _bnc |
||
| 600 | 1 | 7 |
_aEatherly, Claude. _2BUEsh _99987 |
| 651 | 7 |
_2BUEsh _aHiroshima-shi (Japan) _xHistory Bombardment, _y1945. |
|
| 655 | _vReading book | ||
| 942 |
_2ddc _cBB |
||
| 999 |
_c13047 _d13047 |
||